| 000 | 00717nam a22001937a 4500 | ||
|---|---|---|---|
| 005 | 20150124125111.0 | ||
| 008 | 130919t mx||||| |||| 00| 0 esp d | ||
| 050 | 0 | 4 |
_aB 809 .9 .D3 _bM47 1939 |
| 100 | 1 | _aMaublanc, René | |
| 245 | 1 | 0 |
_aMetodo Dialéctico y Ciencias Humanas : _ba la luz del Marxismo / _cRené Maublanc, Paul Friedmann, Marcel Wallon,Marcel Cohen, Aurelien Sauvageot. |
| 260 |
_aMéxico : _bAmerica: _c1939. |
||
| 300 |
_a212 paginas. _c20 X 15 centimetros. |
||
| 504 | _aIncluye; Bibliografía e Indice | ||
| 600 |
_aCarlos Marx _d1818-1883 |
||
| 650 | 7 |
_2Lemb _aFilosofía _xMaterialismo Dialéctico |
|
| 650 | 7 |
_2Lemb _aFilosofía _xCiencias |
|
| 700 | 1 | _eTraductor: Ferrel José | |
| 942 |
_2ddc _cLIB |
||
| 999 |
_c41798 _d41798 |
||